|
|
|
|
| LEADER |
00000nam a22000007a 4500 |
| 005 |
20191115124456.0 |
| 007 |
cr|||| |||| |
| 008 |
191115s2018 co |||||s|||| 00||0 spa d |
| 020 |
|
|
|a 978-958-762-933-0
|
| 035 |
|
|
|a 30675
|
| 040 |
|
|
|a vLex
|
| 090 |
|
|
|c 10037
|d 10037
|
| 100 |
1 |
|
|a Rincn̤ Soto, Carlos Augusto
|
| 245 |
1 |
0 |
|a Impuestos diferidos
|h [Recurso electrn̤ico] /
|c Carlos Augusto Rincn̤ Soto, Juliǹ Andrš Narvèz Grisales, Edmundo Alberto Flr̤ez Sǹchez
|
| 256 |
|
|
|a Servicio en ln̕ea
|
| 260 |
|
|
|a Bogot:̀
|b Ediciones de la U,
|c 2018
|
| 300 |
|
|
|a 1 recurso electrn̤ico
|
| 500 |
|
|
|a En este material se proponen ejemplos sencillos, pero integrados, que facilitan la comprensin̤ del impuesto diferido y su relacin̤ con los estados financieros. La intencin̤ es explicar el flujo de informacin̤ en un Sistema de Informacin̤ Contable (SIC), basado en una contabilidad multiusuaria. El capt̕ulo 1 expone, en un marco conceptual y ter̤ico sobre la contabilidad multiusuaria, la informacin̤ NIIF, las polt̕icas contables y la taxonoma̕ de estados financieros NIIF y fiscal. En el capt̕ulo 2, se presentar ̀la estructura contable multiusuaria, en las ml︢tiples dinm̀icas de planes de cuentas. En el capt̕ulo 3, se mostrar ̀cm̤o se calculaba el impuesto diferido en la normatividad contable anterior a las NIIF, para posteriormente, en el capt̕ulo 4, presentar los fundamentos normativos de la contabilidad financiera internacional bajo NIIF para el impuesto diferido. En el capt̕ulo 5, se muestra la metodologa̕ en NIIF. Por l︢timo, con la vinculacin̤ de otros autores, en el capt̕ulo 6, resultado de investigacin̤, se presenta una comparacin̤ de las partidas del activo entre la normatividad NIIF para pyme y la normatividad fiscal (Ley 1819 de 2016 en Colombia) para considerar los posibles casos que podra̕n dar impuesto diferido en el activo.
|
| 506 |
1 |
|
|a Disponible solo en los productos indicados
|d vLex Global
|d vLex Global (Academic Edition, excluding Law Schools)
|d vLex Global (U.S. Academic Edition, Law Schools)
|d vLex Global (U.S. Academic Edition, excluding Law Schools)
|d vLex Global (Academic Edition, Law Schools)
|
| 650 |
0 |
4 |
|a Derecho Tributario
|z Colombia
|
| 650 |
0 |
4 |
|a Derecho Pb︢lico y Administrativo
|z Colombia
|
| 650 |
0 |
4 |
|a Contabilidad
|z Colombia
|
| 650 |
0 |
4 |
|a Banca y finanzas
|z Colombia
|
| 700 |
1 |
|
|a Narvèz Grisales, Juliǹ Andrš
|
| 700 |
1 |
|
|a Flr̤ez Sǹchez, Edmundo Alberto
|
| 740 |
0 |
|
|a vLex Libros (Servicio en ln̕ea)
|
| 856 |
4 |
0 |
|u http://vlex.com/source/impuestos-diferidos-30675
|z Acceso restringido
|
| 942 |
|
|
|c BOOK
|
| 999 |
0 |
|
|a Tax Law
|
| 999 |
0 |
|
|a Public and Administrative Law
|
| 999 |
0 |
|
|a Accounting
|
| 999 |
0 |
|
|a Banking and finance
|